00683nam a2200181 i 450000100060000000300090000600500170001500700030003200800410003510000270007624501180010326000390022130000350026070000350029585200320033099900170036295201220037931452ES-MaACL20230906154400.0t|030129s1963 sp ||||1| spa d1 aBenesch, Franz.92752810aTratado de obstetricia y ginecología veterinaria / cpor Franz Benesch ; traducción por Lesmes Zabal Cervera. aBarcelona, etc. : bLabor, c1963. aXVI, 853 p. : bil. ; c25 cm.1 aZabal Cervera, Lesmes.9117773 aES-MaACLjC-23596 bR.52467 c31452d31452 00104070aATENEOMbATENEOMcDEPO2d2008-01-17eSCl0oC-23596p1032501r2023-02-23 00:00:00w2023-02-23yMONOGRAFIA